000 00516nam a2200169Ia 4500
005 20250423100215.0
008 250422s9999 xx 000 0 und d
020 _a0-7895-6290-1
050 _aHF 5548.4.M525 .S485/
100 _aShelly, Gary B.
245 0 _aMicrosoft Office XP. advance concepts and techniques: word 2002, excel 2002, accees 2002, powerpoint 2002
260 _aBoston
260 _bCourse Technology
260 _c2002
650 _aMicrosoft Office : concepts and techniques
942 _cBK
999 _c32604
_d32604